UBT Library

A research primer for the helping professions : (Record no. 40252)

000 -LEADER
fixed length control field 00888cam a22002414a 4500
001 - CONTROL NUMBER
control field 11817654
005 - DATE AND TIME OF LATEST TRANSACTION
control field 20180115050106.0
008 - FIXED-LENGTH DATA ELEMENTS--GENERAL INFORMATION
fixed length control field 991022s2000 caua b 001 0 eng
010 ## - LIBRARY OF CONGRESS CONTROL NUMBER
LC control number 99055791
020 ## - INTERNATIONAL STANDARD BOOK NUMBER
International Standard Book Number 0534355854 (acidfree paper)
040 ## - CATALOGING SOURCE
Original cataloging agency DLC
Transcribing agency DLC
Modifying agency DLC
041 ## - LANGUAGE CODE
Language code of text/sound track or separate title eng
042 ## - AUTHENTICATION CODE
Authentication code pcc
080 ## - UNIVERSAL DECIMAL CLASSIFICATION NUMBER
Universal Decimal Classification number 300.72 CHER
082 00 - DEWEY DECIMAL CLASSIFICATION NUMBER
Classification number 300.72 CHER
Edition number 21
100 1# - Rafti
Rafti 47
101 ## - Shkurtesa
Shkurtesa EDU
245 12 - TITLE STATEMENT
Title A research primer for the helping professions :
Statement of responsibility, etc Andrew L. Cherry, Jr .
504 ## - BIBLIOGRAPHY, ETC. NOTE
Bibliography, etc Includes bibliographical references (p. 341-347) and index.
906 ## - LOCAL DATA ELEMENT F, LDF (RLIN)
a 7
b cbc
c orignew
d 1
e ocip
f 19
g y-gencatlg
942 ## - ADDED ENTRY ELEMENTS (KOHA)
Source of classification or shelving scheme
Item type Books
Holdings
Withdrawn status Lost status Source of classification or shelving scheme Damaged status Not for loan Collection code Permanent location Current location Shelving location Date acquired Total Checkouts Full call number Barcode Date last seen Price effective from Koha item type
          Koleksioni i përgjithshem UBT - Lipjan UBT - Lipjan Koleksioni i përgjithshem 01/15/2018   300.72 CHER 002-2995307 01/15/2018 01/15/2018 Books
UBT Library © 2015-2024. All rights reserved University Education for Business and Technology